00571nam a22001577a 4500010001500000020003000015035001400045037001300059082001100072100001600083245006100099260004100160270014300201300003000344500003900374 aENG-126162 a978-81-8676-194-1c999.00 aEN-109694 bDBAD/PUB a155.24 aBrajBhushan aPsychology of Adjustment/cby BrajBhusan[and]Alok Bajpai aNew DelhibAne Books Pvt. Ltd.c2019 a4821, Parwana Bhawan, 1st Floor, 24 Ansari Road , DaeyaganjbNew Delhie110002k+91(011)23276843-44l91(011) 23276863mKapoor@anebooks.com avii+158p.c24cm(pbk)bill ait includes index and bibliography